| 000 | 00506cam a22001457a 4500 | ||
|---|---|---|---|
| 008 | 180718b1968 xxu||||| |||| 00| 0 eng d | ||
| 082 | _aT123x73 D415 | ||
| 100 | _aDenison, Edward F. | ||
| 245 |
_aGuideposts for wages and prices: criteria and consistency _cby Edward F. Denison |
||
| 260 |
_aAnn Arbor _bThe Institution _c1968 |
||
| 300 | _a32p. | ||
| 650 | _aWages - U.S.A. | ||
| 650 | _aPrices - U.S.A. | ||
| 700 | _aThe University of Michigan. Department of Economics. Institute of Public Policy Studies | ||
| 999 |
_c480571 _d480571 |
||